00288nam a2200097 a 450000500170000000800410001724500830005826000190014199900170016004000130017720200930070542.0110913s1793 000 spa d 0aThe history, civil and commercial, of the britifh colonies in the weft indies. aLondon,c1793. c33318d33318 aDO-SdBNP